| 000 -LEADER |
| fixed length control field |
01752 a2200229 4500 |
| 003 - CONTROL NUMBER IDENTIFIER |
| control field |
Nust |
| 005 - DATE AND TIME OF LATEST TRANSACTION |
| control field |
20221215140112.0 |
| 010 ## - LIBRARY OF CONGRESS CONTROL NUMBER |
| LC control number |
75009962 |
| 020 ## - INTERNATIONAL STANDARD BOOK NUMBER |
| International Standard Book Number |
047143132X |
| 040 ## - CATALOGING SOURCE |
| Transcribing agency |
Nust |
| 082 00 - DEWEY DECIMAL CLASSIFICATION NUMBER |
| Classification number |
537.6, JAC |
| 100 1# - MAIN ENTRY--PERSONAL NAME |
| Personal name |
Jackson, John David, |
| 9 (RLIN) |
8813 |
| 245 10 - TITLE STATEMENT |
| Title |
Classical electrodynamics / |
| Statement of responsibility, etc. |
John David Jackson. |
| 250 ## - EDITION STATEMENT |
| Edition statement |
2nd ed. |
| 260 ## - PUBLICATION, DISTRIBUTION, ETC. |
| Place of publication, distribution, etc. |
New York : |
| Name of publisher, distributor, etc. |
Wiley, |
| Date of publication, distribution, etc. |
c1975. |
| 300 ## - PHYSICAL DESCRIPTION |
| Extent |
xxii, 848 p. : |
| Other physical details |
ill. ; |
| Dimensions |
24 cm. |
| 505 ## - FORMATTED CONTENTS NOTE |
| Formatted contents note |
Introduction and Survey (Page-1), Introduction to Electrostatics (Page-24), Boundary-Value Problems in Electrostatics: I (Page-57), Boundary-Value Problems in Electrostatics: II (Page-95), Multipoles, Electrostatics of Macroscopic Media, Dielectrics(Page-145), Magnetostatics, Faraday's Law, Quasi-Static Fields (Page-174), Maxwell Equations, Macroscopic Electromagnetism, Conservation Laws (Page-237), Plane Electromagnetic Waves and Wave Propagation (Page-295), Waveguides, Resonant Cavities, and Optical Fibers (Page-352), Radiating Systems, Multipole Fields and Radiation (Page-407), Scattering and Diffraction (Page-456), Special Theory of Relativity (Page-514), Dynamics of Relativistic Particles and Electromagnetic Fields (Page-579), Collisions, Energy Loss, and Scattering of Charged Particles, Cherenkov and Transition Radiation (Page-624), Radiation by Moving Charges (Page-661), Bremsstrahlung, Method of Virtual Quanta, Radiative Beta Processes (Page-708), Radiation Damping, Classical Models of Charged Particles (Page-745). |
| 650 #0 - SUBJECT ADDED ENTRY--TOPICAL TERM |
| Topical term or geographic name entry element |
Electrodynamics. |
| 9 (RLIN) |
4606 |
| 856 42 - ELECTRONIC LOCATION AND ACCESS |
| Materials specified |
Publisher description |
| Uniform Resource Identifier |
<a href="http://www.loc.gov/catdir/enhancements/fy0607/75009962-d.html">http://www.loc.gov/catdir/enhancements/fy0607/75009962-d.html</a> |
| 856 42 - ELECTRONIC LOCATION AND ACCESS |
| Materials specified |
Table of contents only |
| Uniform Resource Identifier |
<a href="http://www.loc.gov/catdir/enhancements/fy0607/75009962-t.html">http://www.loc.gov/catdir/enhancements/fy0607/75009962-t.html</a> |
| 942 ## - ADDED ENTRY ELEMENTS (KOHA) |
| Source of classification or shelving scheme |
|
| Koha item type |
Book |